Southville International School and Colleges
Your cart is empty.
  • Cart
  • Lists
    Public lists Eva Luna New books Lux_list list_1
    Your lists Log in to create your own lists
  • Log in to your account
  • Your cookies
  • Search history
Southville International School and Colleges
  • Advanced search
  • Recent comments
  • Most popular
  • Libraries

Log in to your account

Log in with GOOGLE


If you do not have an external account, but do have a local account, you can still log in:

  1. Home
  2. MARC view: A Padre Pio profile /
Normal view MARC view ISBD view

A Padre Pio profile / (Record no. 15127)

[ view plain ]
MARC details
000 -LEADER
fixed length control field 00870pam a2200289 a 4500
001 - CONTROL NUMBER
control field 1477621
003 - CONTROL NUMBER IDENTIFIER
control field OSt
005 - DATE AND TIME OF LATEST TRANSACTION
control field 20140310182656.0
008 - FIXED-LENGTH DATA ELEMENTS--GENERAL INFORMATION
fixed length control field 870625s1987 mauc 000 0beng
010 ## - LIBRARY OF CONGRESS CONTROL NUMBER
LC control number 87016664
020 ## - INTERNATIONAL STANDARD BOOK NUMBER
International Standard Book Number 0932506569 (pbk.)
040 ## - CATALOGING SOURCE
Original cataloging agency DLC
Transcribing agency DLC
Modifying agency DLC
050 00 - LIBRARY OF CONGRESS CALL NUMBER
Classification number BX 470
Item number .Sch385 1987
082 00 - DEWEY DECIMAL CLASSIFICATION NUMBER
-- M 271.36024
Item number Sch7 1987
100 1# - MAIN ENTRY--PERSONAL NAME
Personal name Schug, John A.
245 12 - TITLE STATEMENT
Title A Padre Pio profile /
Statement of responsibility, etc Schug, John A. S
260 ## - PUBLICATION, DISTRIBUTION, ETC. (IMPRINT)
Place of publication, distribution, etc Petersham, Mass. :
Name of publisher, distributor, etc St. Bede's Publications,
Date of publication, distribution, etc c1987.
300 ## - PHYSICAL DESCRIPTION
Extent xv, 161 p. :
Other physical details port. ;
Dimensions 22 cm.
521 ## - TARGET AUDIENCE NOTE
Target audience note
526 ## - STUDY PROGRAM INFORMATION NOTE
Reading level 1210L to 1700L
541 ## - IMMEDIATE SOURCE OF ACQUISITION NOTE
-- 1
562 ## - COPY AND VERSION IDENTIFICATION NOTE
Number of copies for circulation : 1 copy in the college
600 00 - SUBJECT ADDED ENTRY--PERSONAL NAME
Personal name Pio,
Titles and other words associated with a name of Pietrelcina, Saint,
Dates associated with a name 1887-1968.
610 20 - SUBJECT ADDED ENTRY--CORPORATE NAME
Corporate name or jurisdiction name as entry element Capuchins
Form subdivision Biography.
906 ## - LOCAL DATA ELEMENT F, LDF (RLIN)
a 7
b cbc
c orignew
d 1
e ocip
f 19
g y-gencatlg
942 ## - ADDED ENTRY ELEMENTS (KOHA)
Source of classification or shelving scheme Library of Congress Classification
Koha item type Books
Call number prefix
Holdings
Withdrawn status Lost status Source of classification or shelving scheme Damaged status Home library Current library Shelving location Date acquired Source of acquisition Total Checkouts Total Renewals Full call number Barcode Date last seen Date checked out Copy number Price effective from Koha item type
    Library of Congress Classification   Archives Archives   04/18/2012 Donation 1 11 BX 470 .Sch385 1987 C2029 05/15/2018 06/30/2016 1 04/18/2012 Books

A Padre Pio profile /

APA

Schug J. A., . (1987). A Padre Pio profile. Petersham, Mass: St. Bede's Publications.

Chicago

Schug John A, . 1987. A Padre Pio profile. Petersham, Mass: St. Bede's Publications.

Harvard

Schug J. A., . (1987). A Padre Pio profile. Petersham, Mass: St. Bede's Publications.

MLA

Schug John A, . A Padre Pio profile. Petersham, Mass: St. Bede's Publications. 1987.

  • Place hold
  • Print
  • Cite
  • Add to your cart (remove)
  • Save record
    BIBTEX Dublin Core MARCXML MARC (non-Unicode/MARC-8) MARC (Unicode/UTF-8) MARC (Unicode/UTF-8, Standard) MODS (XML) RIS
  • More searches
    Search for this title in:
    Other Libraries (WorldCat) Other Databases (Google Scholar) Online Stores (Bookfinder.com) Open Library (openlibrary.org)

Exporting to Dublin Core...

SOUTHVILLE LIBRARY

Southville International School and Colleges Library

1281 Tropical Ave. Cor. Luxembourg St., BF Homes International, Las Pinas City

Tel. No. 8256374 / 252358 Loc. 117/146

Powered by Koha